000 00686nam a2200253Ia 4500
003 OSt
005 20220918174705.0
006 a|||||r|||| 00| 0
007 ta
008 220917b |||||||| |||| 00| 0 eng d
024 _a13,671
037 _cTextual
040 _aARTS
_cARTS
_beng
041 _2eng
_aeng
082 _a/\25, J9
100 _aDatta Aswini Kumar
_951391
245 0 _aBhakti yoga tr by Gunda Charan Sen
260 _aBombay
_bBharatiya Vidya Bhavan India
_c1959
300 _a234p
_ccm.
490 _aBhawan's Book University; 59
650 _aSPIRITUALISM
942 _h/\25, J9
_cTEXL
_2CC
999 _c154290
_d154290